000 00505cam a22002171 4500
001 sa 68004718
003 DLC
005 20260227112503.0
008 890825s1967 ii 000 1 hino
010 _asa 68004718
035 _a(OCoLC)20258330
040 _aDLC
_cWaU
_dDLC
042 _apremarc
050 0 0 _aPK2098.B3394
_bB3
100 0 _aBalvant Singh,
_d1920-1986.
245 1 0 _aBāsī phūla.
260 _c[1967]
300 _a188 p.
_c18 cm.
500 _aIn Hindi.
500 _aA novel.
999 _c80289
_d80289